[Event "Chessable Masters by chess24-A"]
[Site "Online"]
[Date "2020.06.19"]
[Round "5.1"]
[White "Harikrishna, Pentala"]
[Black "Grischuk, Alexander"]
[Result "1-0"]
[WhiteElo "2690"]
[BlackElo "2784"]
[Annotator "TA"]
[PlyCount "55"]
[EventDate "2020.06.20"]
[EventType "tourn"]
[SourceTitle "playchess.com"]
[Source "ChessBase"]
[SourceQuality "1"]

{[%evp 9,55,17,22,13,21,20,20,30,30,23,25,16,16,0,0,-20,0,0,0,0,0,0,33,33,33,33,33,15,17,0,27,-46,-43,-72,-74,-110,-113,-236,502,500,752,642,1502,1414,1121,1076,29992,29983]} 1. e4 e5 2. Nf3 Nc6 3. Bc4 Bc5 4. c3 Nf6 5. d3 d6 6. a4 {Threatens to win with b4. C54: Giuoco Piano: 4 c3 Nf6, main lines with 5 d4 and 5 d3.} a5 7. Bg5 h6 8. Bh4 {The position is equal.} g5 9. Bg3 O-O 10. Nbd2 {[#]} Nh5 $146 ({Predecessor:} 10... Ba7 11. Qb3 Ne7 12. d4 Ng6 13. O-O-O Qe7 14. h4 g4 15. h5 Nf4 16. Bxf4 exf4 {1-0 (24) Beerdsen,T (2488)-Warmerdam,M (2475) Maastricht 2019}) 11. h3 Qf6 12. Qe2 Kh8 (12... Ne7 {feels hotter.} 13. Nh2 Qg6 14. Ng4 Bb6 15. O-O-O Kg7) 13. Bh2 Nf4 14. Bxf4 gxf4 15. g4 Bd7 (15... fxg3 $5 16. fxg3 Ne7 $11) 16. O-O-O Rg8 17. Rdg1 Rg7 18. Rg2 Rag8 19. Rhg1 Ba7 20. Nh2 (20. Bb3 $11) 20... Nd8 $15 21. h4 Qxh4 ({And not} 21... Bxa4 22. g5 $1 $16 {[%mdl 512]}) 22. Ndf3 Qe7 23. g5 (23. Kb1 $17) 23... Ne6 $4 {[%mdl 8192] [#]} (23... Bxa4 24. Ng4 $18) (23... Bh3 $19 {and all is fine.} 24. Ng4 Bxg2 25. Rxg2 hxg5) 24. Ng4 $1 $18 hxg5 (24... Rh7 $142 25. Nf6 {[%mdl 64] Double Attack} (25. gxh6 Nd8 $14) 25... Rg6 26. Nxh7 Kxh7 27. gxh6 Kxh6) 25. Nh6 Rh7 26. Nxg8 Kxg8 27. Nxg5 f3 28. Qxf3 {Accuracy: White = 70%, Black = 59%.} 1-0

[Event "Chessable Masters by chess24-A"]
[Site "Online"]
[Date "2020.06.19"]
[Round "5.2"]
[White "Artemiev, Vladislav"]
[Black "Carlsen, Magnus"]
[Result "1/2-1/2"]
[WhiteElo "2769"]
[BlackElo "2881"]
[Annotator "TA"]
[PlyCount "155"]
[EventDate "2020.06.20"]
[EventType "tourn"]
[SourceTitle "playchess.com"]
[Source "ChessBase"]
[SourceQuality "1"]

{[%evp 9,155,10,60,9,23,16,22,26,23,18,32,34,26,23,26,28,30,30,45,27,41,27,26,28,33,20,19,14,30,1,8,9,4,4,4,4,4,0,10,0,0,0,0,0,0,0,29,29,29,29,30,30,30,12,30,25,33,0,0,-95,-80,-89,-47,-47,-14,-11,-21,-12,-7,-31,-20,-25,-15,-35,-25,-34,-42,-52,-10,-13,-15,-10,-10,-41,-13,-40,-40,-47,-47,-47,-47,-56,-47,-47,-38,-37,-37,-73,-73,-73,-73,-73,-73,-73,-73,-73,-73,-73,-73,-73,-73,-73,-73,-73,-73,-80,-80,-80,-80,-80,-80,-80,-80,-85,-22,-22,-22,-22,-22,-22,-22,-22,-22,-22,-22,-22,-22,-22,-22,-22,-16,-16,-9,-19,-19,-50,-33,-50]} 1. Nf3 d5 2. e3 c5 3. b3 a6 4. Bb2 Nc6 5. d4 Bg4 6. Be2 {A06: Réti Opening: 1 Nf3 d5.} ({White should try} 6. dxc5 $14 e5 7. h3 Bxf3 8. Qxf3) 6... Bxf3 7. Bxf3 (7. gxf3 cxd4 8. Bxd4 Nxd4 $15) 7... cxd4 8. exd4 {The position is equal.} e6 9. O-O Nf6 10. c4 Be7 11. Na3 O-O 12. Nc2 {[#]} Qd7 $146 ({Predecessor:} 12... Rc8 13. Ne3 Qd7 14. Qe2 dxc4 15. Nxc4 Rc7 16. Rad1 Nb4 17. d5 Nbxd5 18. Bxf6 Bxf6 {0-1 (35) Hacche,D (2127)-Antic,D (2476) Adelaide 2008}) 13. Qe2 Rfd8 14. Rfd1 Bf8 15. Ne3 g6 16. a3 a5 17. Rac1 Ne7 18. g3 Bg7 19. Rc2 a4 20. b4 dxc4 $1 21. Nxc4 Nfd5 22. Ne5 Qe8 23. Be4 Rac8 24. Rdc1 Rxc2 25. Rxc2 Nf5 26. Bd3 Nd6 27. Rc5 b6 28. Rc2 Rc8 29. b5 Ne7 30. Rxc8 Qxc8 31. Qd1 Qa8 32. Qc2 {[#] Qc7 is the strong threat.} Nd5 33. Be2 Qa5 34. Nc6 (34. Qd3 $11 {remains equal.}) 34... Qe1+ $17 35. Bf1 Nxb5 36. Qxa4 Nbc3 37. Bxc3 Qxc3 ({Don't blunder} 37... Nxc3 $2 38. Qa8+ Bf8 39. Ne5 $16) 38. Nd8 {[#] White wants to mate with Qe8+.} Qc7 39. Nc6 (39. Qe8+ {seems wilder.} Bf8 40. Nc6 Kg7 41. a4 h5 42. Qa8) 39... Bf8 40. Ne5 Kg7 41. Nc4 Be7 42. Qb3 Bf6 43. Ne3 Qc3 (43... Nxe3 {feels hotter.} 44. fxe3 h5 45. Kf2 h4 46. Be2 Qc1) 44. Qxc3 Nxc3 $11 {[%mdl 4096] Endgame KBN-KBN} 45. Nc2 Be7 46. Bc4 g5 47. Kf1 Nb1 {Strongly threatening ...Nd2+.} 48. Ba2 Nxa3 49. Nxa3 Bxa3 $15 {KB-KB} 50. g4 b5 51. Ke2 h5 52. gxh5 Bd6 53. h3 Kh6 54. d5 e5 55. Bb1 Kxh5 56. Bf5 Kh4 57. Kd3 Bc5 58. Ke4 f6 ({Of course not} 58... Bxf2 59. Kxe5 Bg3+ 60. Kf6 $11) 59. Kf3 b4 {[%cal Bb5b4,Bb4b3,Bb3b2][%mdl 32]} 60. Kg2 b3 61. Kf1 b2 62. Kg2 Bd6 63. f3 Kh5 64. Kf1 Bc5 65. Be4 Kh6 66. Ke2 Kg7 (66... Ba3 $17 67. Kd2 Kh5) 67. Kd2 $11 Kf7 68. Kc3 Bd4+ 69. Kc4 Ke7 70. Bf5 Kd6 71. Be4 Kc7 72. Kb5 Bf2 73. Bf5 Kd6 74. Kc4 e4 75. Bxe4 Ke5 76. Kb3 Bd4 77. Kc2 Kd6 78. Kb1 {Accuracy: White = 87%, Black = 90%.} 1/2-1/2

[Event "Chessable Masters by chess24-A"]
[Site "Online"]
[Date "2020.06.19"]
[Round "5.3"]
[White "Dubov, Daniil"]
[Black "Nakamura, Hikaru"]
[Result "1/2-1/2"]
[WhiteElo "2770"]
[BlackElo "2829"]
[Annotator "TA"]
[PlyCount "87"]
[EventDate "2020.06.20"]
[EventType "tourn"]
[SourceTitle "playchess.com"]
[Source "ChessBase"]
[SourceQuality "1"]

{[%evp 15,87,18,14,23,17,5,2,5,5,6,13,0,10,10,8,12,11,10,30,30,30,30,30,32,35,29,34,29,81,81,84,85,83,80,88,88,87,81,81,83,94,94,107,69,69,69,69,69,72,51,51,51,51,51,51,51,51,51,51,51,51,51,51,51,51,51,51,46,51,0,51,0,51,0]} 1. d4 Nf6 2. c4 e6 3. Nf3 d5 4. g3 Be7 5. Bg2 O-O 6. Nc3 {[%cal Bb1c3,Bc3d1,Bd1e3,Be3c4,Bc4a5][%mdl 32]} dxc4 7. Ne5 c5 8. dxc5 Qxd1+ 9. Nxd1 {E06: Closed Catalan: Early deviations.} Bxc5 10. Ne3 c3 11. bxc3 {The position is equal.} Nbd7 12. Nd3 Rb8 (12... Be7 13. a4 Rb8 14. a5 Nc5 15. Nxc5 Bxc5 16. Ba3 Bxa3 17. Rxa3 Bd7 18. O-O Rfc8 19. Rb1 Bc6 20. Rab3 Bxg2 21. Kxg2 Rc7 22. f3 h6 23. Kf2 g6 24. Rb4 b6 25. axb6 axb6 26. Rxb6 Rxb6 27. Rxb6 Rxc3 {½-½ (38) Dubov,D (2699)-Nakamura,H (2736) chess24.com INT 2020}) 13. Nc4 b6 14. Bf4 Bb7 15. Bxb7 Rxb7 16. Rb1 $36 {[%mdl 2048] Threatening Na5! White is pushing.} Nd5 {[#]} 17. Na5 $1 {[%cal Ra5b7][%mdl 576] [#] Pin} Nxf4 $1 {[%mdl 512]} (17... bxa5 18. Rxb7) 18. Nxb7 (18. Nxf4 Rc7) 18... Nxd3+ 19. exd3 Be7 20. c4 Rb8 21. c5 $1 {[#]} Rxb7 $146 (21... Ne5 $11 {keeps the balance.}) ({Predecessor:} 21... Ne5 22. f4 Nxd3+ 23. Ke2 Rxb7 24. Kxd3 Bxc5 25. Rhd1 Kf8 26. Kc4 Ke7 27. Kb5 a5 {½-½ (60) Harikrishna,P (2724)-Karjakin,S (2754) Jerusalem 2019}) 22. c6 $1 $16 {[%csl LRb7,LRd7][%mdl 64] Double Attack} Rc7 {...Ne5 is the strong threat.} 23. cxd7 Rxd7 {[%mdl 4096] Endgame KRR-KRB} 24. Ke2 g6 25. Rhc1 Bc5 26. a4 Kg7 27. Rc4 a5 28. f4 h5 29. d4 Rxd4 30. Rxd4 Bxd4 $14 {KR-KB} 31. Rd1 e5 32. fxe5 Bxe5 33. Kd3 Bd6 34. Ke4 {[%mdl 1024] White has compensation.} Bc5 35. Ke5 Bf2 36. Rd3 Bc5 37. h3 Bf2 38. g4 hxg4 39. hxg4 Bc5 40. Rd7 Bg1 41. Rb7 Bc5 42. Rd7 Bg1 $1 43. Rb7 Bc5 44. Rd7 {Accuracy: White = 93%, Black = 97%.} (44. Rb8 $14) 1/2-1/2

[Event "Chessable Masters by chess24-A"]
[Site "Online"]
[Date "2020.06.19"]
[Round "6.1"]
[White "Harikrishna, Pentala"]
[Black "Artemiev, Vladislav"]
[Result "0-1"]
[WhiteElo "2690"]
[BlackElo "2769"]
[Annotator "TA"]
[PlyCount "94"]
[EventDate "2020.06.20"]
[EventType "tourn"]
[SourceTitle "playchess.com"]
[Source "ChessBase"]
[SourceQuality "1"]

{[%evp 17,94,28,31,27,30,10,10,14,15,7,11,-4,21,0,0,-14,-29,-27,-15,-12,-18,-44,-43,-73,-87,-113,-113,-128,-127,-103,-94,-137,-141,-124,-88,-98,-53,-53,-54,-56,-58,-106,-111,-149,-163,-387,-387,-329,-329,-466,-366,-409,-366,-767,-743,-722,-606,-1358,-1130,-1365,-1164,-1161,-1113,-1101,-1094,-1361,-1259,-1208,-1177,-1142,-1085,-1010,-866,-1014,-927,-5314,-4782,-29965,-29953]} 1. e4 e5 2. Nf3 Nc6 3. Bb5 a6 4. Ba4 d6 5. O-O Bd7 6. c3 g6 7. d4 Bg7 8. Re1 Nge7 {8...Nf6 is the modern continuation.} 9. dxe5 Nxe5 10. Nxe5 {C76: Ruy Lopez: Deferred Steinitz: 5 c3 Bd7 6 d4 g6.} Bxe5 11. Nd2 Bxa4 12. Qxa4+ {[#] The position is equal.} Qd7 $146 ({Predecessor:} 12... b5 13. Qb3 O-O 14. Nf1 Qd7 15. Bh6 Rfe8 16. h3 a5 17. a3 Rab8 18. Ne3 Qe6 {1-0 (38) Abdumalik,Z (2490)-Lei,T (2528) Hengshui 2019}) 13. Qb3 Qb5 14. Nf3 Bg7 15. Qxb5+ (15. Qc2 {keeps more tension.} O-O 16. Nd4 Qd7 17. Be3 Nc6 18. f3) 15... axb5 16. e5 dxe5 17. Nxe5 O-O 18. Nd7 Rfe8 19. Kf1 Nd5 {Strongly threatening ...Rxe1+.} 20. Rxe8+ Rxe8 21. Nc5 {[#]} Nxc3 $1 {[%mdl 512]} 22. Nxb7 (22. bxc3 Bxc3) 22... Na4 23. Rb1 Ra8 24. a3 {[#]} Ra7 $1 {[%cal Ra7b7]} 25. Nd8 Ra6 {Threatens to win with ...Bf6.} 26. Bf4 Bf6 27. Re1 {Black must now prevent Bh6.} Kg7 ({But not} 27... Bxb2 $2 28. Bh6 $18) 28. Bxc7 Nxb2 29. Nb7 {[#] White is now going downhill.} Nc4 $1 ({Don't play} 29... Rxa3 $6 30. Nd6 $11) 30. g4 Rxa3 31. Nd6 $2 (31. Kg2) 31... Nxd6 $19 32. Bxd6 {[%mdl 4096] Endgame KRB-KRB} Ra1 33. h3 (33. f4 $142 Rxe1+ 34. Kxe1) 33... Rxe1+ 34. Kxe1 {KB-KB} Bd4 35. Ke2 $2 (35. Be7 f5 36. f3) 35... Kf6 36. f3 Ke6 37. Bb4 Kd5 38. Kd3 Bc5 39. Bc3 Bd6 40. Bd2 b4 {[%cal Bb5b4,Bb4b3][%mdl 32]} 41. Be1 b3 42. Bf2 Be5 43. Be1 Kc5 44. Bd2 Kb5 45. f4 Bf6 46. f5 gxf5 47. gxf5 Ka4 {Accuracy: White = 41%, Black = 94%.} 0-1

[Event "Chessable Masters by chess24-A"]
[Site "Online"]
[Date "2020.06.19"]
[Round "6.2"]
[White "Grischuk, Alexander"]
[Black "Dubov, Daniil"]
[Result "1/2-1/2"]
[WhiteElo "2784"]
[BlackElo "2770"]
[Annotator "TA"]
[PlyCount "86"]
[EventDate "2020.06.20"]
[EventType "tourn"]
[SourceTitle "playchess.com"]
[Source "ChessBase"]
[SourceQuality "1"]

{[%evp 14,86,25,25,16,9,31,3,31,35,60,49,63,63,59,64,90,41,34,28,40,22,20,0,7,0,0,-38,-27,-18,-22,-18,-11,-32,-29,-29,-17,-37,-32,-33,-35,-37,-33,-64,-51,-102,-36,-33,-40,-38,-33,-33,-33,-33,-33,-41,-33,-33,-34,-40,-41,-28,-16,-16,-6,-8,-13,-8,-8,-93,0,0,-7,-7,0]} 1. e4 c5 2. Nc3 Nc6 3. Nge2 g6 4. d4 cxd4 5. Nxd4 Bg7 6. Be3 Nf6 7. Bc4 O-O 8. Bb3 Re8 {B35: Sicilian: Accelerated Dragon with 5 Nc3: main line.} 9. f4 {And now e5 would win.} d6 {[#]} 10. Qf3 $146 ({Predecessor:} 10. h3 Nxd4 11. Bxd4 b5 12. O-O b4 13. Nd5 Nxe4 14. Bxg7 Kxg7 15. Qd4+ Nf6 16. Ba4 {½-½ (36) Kuhne,D (2391)-Glatzel,H (2318) ICCF email 2017}) 10... Bd7 11. O-O Nxd4 12. Bxd4 Bc6 13. f5 Rf8 14. Rad1 Nd7 15. Kh1 Bxd4 16. Rxd4 Kg7 17. Qg3 Qb6 18. Rd2 Nf6 19. e5 dxe5 20. fxg6 hxg6 21. Qxe5 Rad8 $40 {[%mdl 128] Black mounts an attack.} 22. Rdf2 Rd7 23. Ne2 Qb5 24. Qc3 Qg5 {...e5 is the strong threat.} 25. Nd4 Rc8 26. Nxc6 Rxc6 27. Qf3 {[#] Black must now prevent Ba4.} Rcd6 28. g3 Rd2 29. Kg2 ({White should try} 29. Qf4 $15 Rxf2 30. Rxf2 Qxf4 31. gxf4) 29... e6 (29... Qe5 $17 30. Rxd2 Rxd2+ 31. Rf2 Rxf2+ 32. Qxf2 Qxb2 33. Qxa7 Qe5) 30. Rxd2 $15 Rxd2+ 31. Rf2 b6 32. h4 Rxf2+ 33. Qxf2 Qe5 34. c3 Qe4+ 35. Qf3 Qe1 36. Qf2 Qc1 37. Qe2 a5 38. Bc4 g5 39. hxg5 Qxg5 40. a3 Ng4 41. Bd3 (41. Qe4 $11 {keeps the balance.}) 41... Ne3+ (41... Qd5+ $17 42. Be4 Qh5) 42. Kf2 $11 Nd5 ({But not} 42... Ng4+ 43. Kg1 $15) 43. Be4 Nf6 {Accuracy: White = 82%, Black = 81%.} 1/2-1/2

[Event "Chessable Masters by chess24-A"]
[Site "Online"]
[Date "2020.06.19"]
[Round "6.3"]
[White "Carlsen, Magnus"]
[Black "Nakamura, Hikaru"]
[Result "1-0"]
[WhiteElo "2881"]
[BlackElo "2829"]
[Annotator "TA"]
[PlyCount "55"]
[EventDate "2020.06.20"]
[EventType "tourn"]
[SourceTitle "playchess.com"]
[Source "ChessBase"]
[SourceQuality "1"]

{[%evp 9,55,22,34,0,14,25,10,10,14,5,39,33,35,33,56,31,58,21,98,95,114,94,223,216,225,233,229,232,230,229,230,231,229,203,278,281,300,199,297,191,377,359,720,706,693,692,1139,1132]} 1. d4 Nf6 2. c4 e6 3. Nf3 d5 4. Nc3 Be7 5. Bf4 O-O 6. a3 {D37: Queen's Gambit Declined: 5 Bf4.} (6. e3 Nbd7 7. Be2 dxc4 8. O-O Nb6 9. Qc2 Nfd5 10. Bg3 c5 11. dxc5 Bxc5 12. Rfd1 Bd7 13. Ne5 Rc8 14. Rac1 Nb4 15. Qe4 N4d5 {1-0 (46) Carlsen,M (2863)-Nakamura,H (2736) chess24.com INT 2020}) 6... Nbd7 7. Nb5 {[%cal Bc3b5,Bb5d4,Bd4c6][%mdl 32]} Ne8 $1 8. e3 {The position is equal.} dxc4 9. Bxc4 {[#]} c5 $146 (9... a6 $5 10. Nc3 $8 b5 $14) ({Predecessor:} 9... a6 10. Nc3 b5 11. Be2 c5 12. O-O Bb7 13. d5 exd5 14. Nxd5 Bd6 15. a4 c4 {1-0 (32) Mamedyarov,S (2772)-Jakovenko,D (2698) Jerusalem 2019}) 10. dxc5 {Black must now prevent b4.} a6 11. Nbd4 {And now b4 would win.} Bxc5 12. O-O $36 {[%mdl 2048] White fights for an advantage.} Qe7 13. Rc1 Bd6 (13... e5 $11 {remains equal.} 14. Bg5 Ndf6) 14. Ba2 $16 Ndf6 15. Ne5 $1 Nd7 (15... Nd5 $16) 16. Ndc6 $1 $18 {[%cal Rc6e7]} Qh4 17. Bg3 Qg5 {[#]} 18. h4 $1 {[%cal Rh4g5]} Qf6 {[%cal Rd7e5] [#]} 19. Ng4 $1 {[%csl LRd6,LRf6][%cal Rg4f6]} Qxb2 20. Bxd6 bxc6 21. Rc2 Qb5 22. Bxf8 Nxf8 23. h5 h6 (23... Qxh5 {might work better.} 24. Qf3 (24. Rxc6 Bd7 $16) 24... Ra7) 24. Qf3 Qxh5 $2 (24... Bd7 25. Rd1 Ra7) 25. Qxc6 {[%mdl 64] Double Attack} Nc7 $2 (25... Nd6 26. Qxd6 (26. Qxa8 Bb7 $16) 26... Qxg4) 26. Qf3 {White is clearly winning.} Nd5 27. e4 {[%cal Ra2d5]} e5 {[#]} 28. Nxh6+ $1 {[%mdl 512] Black got outplayed after the opening. Accuracy: White = 76%, Black = 35%.} 1-0

[Event "Chessable Masters by chess24-A"]
[Site "Online"]
[Date "2020.06.19"]
[Round "7.1"]
[White "Carlsen, Magnus"]
[Black "Harikrishna, Pentala"]
[Result "1/2-1/2"]
[WhiteElo "2881"]
[BlackElo "2690"]
[Annotator "TA"]
[PlyCount "120"]
[EventDate "2020.06.20"]
[EventType "tourn"]
[SourceTitle "playchess.com"]
[Source "ChessBase"]
[SourceQuality "1"]

{[%evp 10,120,5,-6,37,34,29,22,39,38,41,34,32,38,43,31,39,33,56,41,62,63,55,50,65,32,50,44,45,47,35,29,42,41,37,43,49,50,56,52,50,32,77,33,80,0,0,0,0,0,0,0,0,0,0,0,0,0,0,0,0,0,0,0,0,0,0,0,0,0,0,0,0,0,0,0,0,0,0,0,0,0,0,0,0,0,0,0,0,0,0,0,0,0,0,0,0,0,0,0,0,0,0,-8,29985,-64,29989,-183,29992,-564,29995,29988,29991]} 1. d4 Nf6 2. Nf3 g6 3. Bf4 Bg7 4. e3 O-O 5. Be2 d6 6. O-O Nfd7 {A48: 1 d4 Nf6 2 Nf3 g6: Torre, London and Colle Systems.} 7. c4 e5 8. Bg3 Nc6 {The position is equal.} 9. Nc3 exd4 10. exd4 Nf6 11. h3 Bf5 12. d5 Ne7 13. Nd4 {[#]} Ne4 $146 ({Predecessor:} 13... Bd7 14. Re1 Nf5 15. Nxf5 Bxf5 16. Bd3 Bxd3 17. Qxd3 Nd7 18. f4 a6 19. Re2 Nc5 {0-1 (48) Bommini,M (1700)-Bigabylov,Z (2216) chess.com INT 2017}) 14. Nxf5 gxf5 15. Bd3 Bxc3 16. bxc3 Ng6 17. Qf3 Qg5 18. h4 Nxh4 19. Bxh4 Qxh4 20. Qxf5 Nf6 21. g3 Qh6 22. Kg2 Rfe8 23. Rh1 Qg7 24. Qf4 {Rh6 is the strong threat.} h5 25. c5 Re5 26. cxd6 cxd6 27. Rae1 (27. c4 $16) 27... Nxd5 $11 28. Qf3 Qg4 29. Rxe5 Qxf3+ 30. Kxf3 dxe5 31. Rxh5 {[%mdl 4096] Endgame KRB-KRN} Re8 32. c4 Nc3 33. Be4 b6 34. a3 {[%cal Ba2a3,Ba3a4][%mdl 32]} Nxe4 35. Kxe4 {KR-KR} Rc8 36. Kd3 Rc5 {Strongly threatening ...e4+!} 37. Kc3 Kg7 38. a4 f6 39. Rh1 Rc7 40. Rd1 Kg6 41. Rd5 Kf5 42. a5 bxa5 43. Rxa5 Ke4 44. Ra6 Rf7 45. Rd6 Kf3 46. Rd2 Rc7 47. Kb4 Rb7+ $1 48. Kc5 {Threatens to win with Kd6.} e4 49. Kd6 Rh7 $1 {[%cal Rh7h2]} 50. c5 Rh2 $1 51. Rd5 $1 {[%cal Rd5f5]} Rxf2 {Hoping for ...e3.} 52. Rf5+ Kxg3 53. Rxf2 Kxf2 {KP-KP} 54. c6 {Black must now prevent c7.} e3 {And now ...e2 would win.} 55. c7 e2 56. c8=Q Kg2 $2 {[%mdl 8192] [#]} (56... e1=Q $11 57. Qf5+ Kg2) 57. Kd5 $2 (57. Qg4+ Kf2 58. Qh4+ Kf3 59. Qxf6+ Ke3 60. Qh6+ Kd3 61. Qc1 Ke4 62. Qc3) 57... a5 $2 {[%mdl 8192]} (57... e1=Q $15 58. Qc2+ Qf2 59. Qg6+ Kh2 60. Qh5+ Kg3 61. Qg6+ Kh2 62. Qh5+ Kg1 63. Qd1+ Kg2 64. Qg4+ Qg3 65. Qe2+ Qf2 66. Qg4+ Qg3 67. Qe2+ Kg1) 58. Qc4 $4 {[%mdl 8192]} (58. Qg4+ {mates} Kf2 59. Qf4+ Ke1 60. Qxf6 Kd2 61. Qd4+ Kc2 62. Qe3 e1=B 63. Qxe1) 58... a4 $4 {[%mdl 8192]} (58... e1=Q $19 59. Qg4+ Qg3 60. Qe2+ Qf2 61. Qg4+ Qg3 62. Qe2+ Kg1) 59. Kd4 $4 {[%mdl 8192]} (59. Qxe2+ Kg3 60. Qf1 f5 61. Qxf5 a3 62. Ke4 Kg2 63. Qf3+ Kg1 64. Qg3+ Kf1 65. Kf3 a2 66. Qf2#) 59... a3 $4 {[%mdl 8192] [#]} (59... e1=Q $19 60. Qd5+ Kg3 61. Qg8+ Kf2) 60. Qc2 $1 a2 {[%mdl 32768] Accuracy: White = 93%, Black = 92%. . An unexpected result.} 1/2-1/2

[Event "Chessable Masters by chess24-A"]
[Site "Online"]
[Date "2020.06.19"]
[Round "7.2"]
[White "Nakamura, Hikaru"]
[Black "Grischuk, Alexander"]
[Result "1/2-1/2"]
[WhiteElo "2829"]
[BlackElo "2784"]
[Annotator "TA"]
[PlyCount "81"]
[EventDate "2020.06.20"]
[EventType "tourn"]
[SourceTitle "playchess.com"]
[Source "ChessBase"]
[SourceQuality "1"]

{[%evp 11,81,8,29,0,8,7,12,14,7,0,16,16,25,0,0,0,0,0,0,0,0,0,0,0,0,0,0,0,8,0,0,0,0,0,4,0,0,0,0,0,0,-14,-1,-27,-29,-22,-17,-12,-13,-55,-54,-74,-34,-70,-14,-19,0,0,0,0,0,0,0,0,0,0,0,-33,0,0,0,-10]} 1. d4 Nf6 2. c4 e6 3. Nf3 d5 4. Nc3 Bb4 5. Qa4+ Nc6 6. e3 O-O 7. Qc2 {D38: Queen's Gambit Declined: Ragozin Defence (4 Nf3 Bb4).} Re8 8. Bd2 a6 9. a3 Bd6 10. h3 {10.Rd1 is the fancy move. Played by Jan Krzysztof Duda in February 2020.} h6 11. Rd1 Bd7 12. Be2 dxc4 13. Bxc4 e5 14. O-O e4 15. Nh2 b5 16. Ba2 b4 17. Nd5 {[#]} bxa3 $146 ({Predecessor:} 17... Nxd5 18. Bxd5 Bxh3 19. Qxc6 Bxg2 20. Kxg2 Qg5+ 21. Kh1 Bxh2 22. Qd7 Bd6 23. Bxf7+ Kf8 {½-½ (34) Esipenko,A (2654)-Navara,D (2717) chess.com INT 2020}) 18. bxa3 Be6 ({Much weaker is} 18... Bxa3 $6 19. f3 $16) 19. Nxf6+ Qxf6 20. d5 Bxh2+ $1 ({Avoid the trap} 20... Qe5 $2 21. f4 $18) 21. Kxh2 Bxd5 $1 22. Bc3 Qd6+ {[%mdl 64] [#] Double Attack} 23. Kg1 Ne7 24. Rd2 Qe6 25. Bxd5 Nxd5 26. Ba5 Qf5 27. Qc4 (27. Qc6 {feels hotter.} Nf4 28. Bxc7 Nd3 29. Rb1 Rac8 30. Rc2) 27... Re5 28. Bc3 Nxc3 29. Qxc3 Rc5 30. Qd4 Re8 31. Rb1 Rc6 32. Qd7 Qxd7 (32... Ree6 $15) 33. Rxd7 $15 {[%mdl 4096] Endgame KRR-KRR} g6 34. Rb7 Re5 (34... Rc1+ {seems wilder.} 35. Kh2 Rc2 36. Kg1 Rc8 37. g4 a5) 35. Rdxc7 Rxc7 36. Rxc7 $11 {KR-KR} Ra5 37. Rc3 Kg7 38. Rc4 Rxa3 39. Rxe4 h5 40. h4 a5 41. g3 {Accuracy: White = 86%, Black = 89%.} 1/2-1/2

[Event "Chessable Masters by chess24-A"]
[Site "Online"]
[Date "2020.06.19"]
[Round "7.3"]
[White "Dubov, Daniil"]
[Black "Artemiev, Vladislav"]
[Result "1-0"]
[WhiteElo "2770"]
[BlackElo "2769"]
[Annotator "TA"]
[PlyCount "67"]
[EventDate "2020.06.20"]
[EventType "tourn"]
[SourceTitle "playchess.com"]
[Source "ChessBase"]
[SourceQuality "1"]

{[%evp 13,67,25,25,0,36,16,10,10,25,15,10,19,17,0,37,16,125,128,122,129,118,115,172,151,129,93,110,103,76,68,52,45,45,29,25,14,107,110,129,123,106,97,393,239,738,740,1038,1006,29968,29969,6133,2994,2297,2251,29993,29994]} 1. d4 d5 2. c4 c6 3. Nf3 Nf6 4. Nc3 e6 5. Bg5 Nbd7 6. e3 Qa5 7. Nd2 Bb4 8. Rc1 {D52: Queen's Gambit Declined: Cambridge Springs Variation.} O-O (8... Ne4 $5 9. Ndxe4 dxe4 $11) 9. Be2 Bxc3 10. Rxc3 {The position is equal.} Qxa2 11. Qc1 {Strongly threatening Ra3.} Qa5 12. Ra3 Qd8 {[#]} 13. e4 $146 {And now e5 would win.} ({Predecessor:} 13. O-O e5 14. cxd5 cxd5 15. Nb3 Qb6 16. Bxf6 Qxf6 17. Qc7 exd4 18. Nxd4 Ne5 19. Qc5 {0-1 (40) Molner,M (2499)-Dreev,A (2628) Las Vegas 2015}) 13... h6 (13... dxe4 $6 14. Nxe4 $1 {[%mdl 512]} h6 15. Nxf6+ Nxf6 16. Bxh6 $1 $16 {[%mdl 512]}) 14. h4 {[%mdl 1024] next e5 is good for White. White has compensation.} Qe8 (14... dxe4 15. Qc3 $15) (14... e5 $11) 15. e5 $16 Nh7 16. Rg3 Kh8 (16... hxg5 17. hxg5 g6 18. Rgh3 $18) 17. Nf3 f5 ({But not} 17... hxg5 $2 18. hxg5 Kg8 19. Rgh3 $18) (17... Rg8 $16) 18. exf6 Ndxf6 19. Bxf6 Nxf6 20. Ne5 $40 {[%mdl 128] White is out for blood.} Ne4 21. Re3 c5 $1 {[%cal Rc5d4]} 22. dxc5 Rf5 23. Rxe4 dxe4 24. Qc3 b6 {[#]} (24... Bd7 $11 {keeps the balance.}) 25. g4 $1 {[%cal Rg4f5] [#]} Rxe5 $1 {[%mdl 512]} 26. Qxe5 Qc6 27. g5 {White wants to mate with gxh6.} h5 $2 {[%mdl 8192] A mistake that costs the game.} (27... e3 $16 28. Rf1 Qxc5 29. Qxc5 (29. Qxe3 hxg5 30. hxg5 Kg8 $14) 29... bxc5) 28. O-O {Threatens to win with b4.} Qxc5 $2 (28... Bb7 29. b4 (29. Bxh5 e3 $16) 29... e3) 29. Qxe4 $18 Rb8 30. Qg6 {Intending Qe8+ and mate.} Qf5 31. Qe8+ Kh7 32. Rd1 (32. Bxh5 $142 Bd7 33. Qxb8) 32... Bb7 33. Qxb8 {[%mdl 64] Double Attack} Qe4 {[#]} 34. Bd3 $1 {Accuracy: White = 84%, Black = 40%.} 1-0